State Quiz: California Stats

 Plays Quiz Updated Aug 25, 2017

Score 0/48 Timer 06:00
9 Plays Today
Hint Answer % Correct
State AbbreviationCA
96.3%
Largest CityLos Angeles
95%
Time ZonePacific
94.8%
Bordering OceanPacific Ocean
94.5%
Bordering StateNevada
93.6%
Bordering StateOregon
92.8%
Capital CitySacramento
91.4%
Bordering StateArizona
90.3%
Bordering CountryMexico
90.2%
2nd Largest CitySan Diego
86.4%
Pac-12 SchoolCalifornia Berkeley
85.2%
NBA TeamLos Angeles Lakers
80.9%
Pac-12 SchoolUCLA
79.9%
NFL TeamSan Francisco 49ers
76.4%
MLB TeamLos Angeles Dodgers
75.5%
NFL TeamOakland Raiders
74%
MLB TeamSan Francisco Giants
72.6%
NBA TeamSacramento Kings
72.3%
NHL TeamLos Angeles Kings
72.3%
MLB TeamLos Angeles Angels
72.1%
NFL TeamLos Angeles Rams
70.7%
NFL TeamLos Angeles Chargers
69.9%
NBA TeamGolden State Warriors
68.6%
Animal Featured on State FlagBear
68.2%
Hint Answer % Correct
MLB TeamOakland Athletics
68.2%
NicknameThe Golden State
67.8%
MLB TeamSan Diego Padres
67.5%
Lowest PointDeath Valley
65.3%
NBA TeamLos Angeles Clippers
64.7%
# State to Enter Union31st
63.7%
3rd Largest CitySan Jose
63.4%
State TreeRedwood
60.4%
DemonymCalifornian
60.2%
Pac-12 SchoolUSC
59%
NHL TeamSan Jose Sharks
58.5%
Pac-12 SchoolStanford
56.4%
NHL TeamAnaheim Ducks
56.3%
Statehood Year1850
52.1%
Current GovernorGavin Newsom
49.5%
Most Visited National ParkYosemite National Park
47.8%
Number of Representatives53
42.2%
SenatorDianne Feinstein
35.3%
SenatorKamala Harris
33.8%
Highest PointMount Whitney
27.8%
State FlowerCalifornia Poppy
24.9%
State MottoEureka
21.1%
State BirdCalifornia Valley Quail
15.8%
First GovernorPeter Hardeman Burnett
4.2%

You're not logged in!

Compare scores with friends on all Sporcle quizzes.
OR
Log In

Show Comments

Extras

Top Quizzes Today


Score Distribution

Your Account Isn't Verified!

In order to create a playlist on Sporcle, you need to verify the email address you used during registration. Go to your Sporcle Settings to finish the process.

Report this User

Report this user for behavior that violates our Community Guidelines.

Details: